La creación

Furkejuvvon:
Bibliográfalaš dieđut
Váldodahkki: Guelluy, Robert (Dahkki)
Materiálatiipa: Girji
Giella:espánnjágiella
Almmustuhtton: Barcelona Herder 1979
Preanttus:2a. ed
Ráidu:El misterio cristiano, 9
Fáttát:
Fáddágilkorat: Lasit fáddágilkoriid
Eai fáddágilkorat, Lasit vuosttaš fáddágilkora!

MARC

LEADER 00000nam a2200000 a 4500
001 UCW8425
003 CL-VaPUC
008 880906e19790000SP |||||||||||||||||spa|d
082 0 4 |a 233.11  |b GUE  |2 21 
100 0 |a Guelluy, Robert  |e author  |9 313590 
245 1 3 |a La creación 
250 |a 2a. ed 
300 |a 221 p 
942 |c BK 
945 |d 19880906 00:00:00 
260 |a Barcelona  |b Herder  |c 1979 
650 0 |a Creación   |9 313344 
650 0 |a Teología dogmática   |9 313198 
583 |a last modification  |c 19880906 00:00:00  |k Rodrigo Vera 
490 0 |a El misterio cristiano, 9 
999 |c 220800  |d 220798 
952 |0 0  |1 0  |4 0  |6 233_110000000000000_GUE_1979  |7 0  |8 A  |9 213485  |a BIBTEO  |b BIBTEO  |d 2019-11-15  |i 281823K  |l 1  |m 2  |o 233.11 GUE 1979  |p 281823K  |r 2025-01-17  |s 2024-05-22  |w 2019-11-15  |y BK  |k ICR 
952 |0 0  |1 0  |4 0  |6 233_110000000000000_GUE_1979  |7 0  |8 A  |9 213486  |a BIBTEO  |b BIBTEO  |d 2019-11-15  |i 2818248  |l 2  |m 2  |o 233.11 GUE 1979  |p 2818248  |r 2025-01-17  |s 2024-06-18  |w 2019-11-15  |y BK  |k ICR 
952 |0 0  |1 0  |4 0  |6 233_110000000000000_GUE_1979  |7 0  |8 A  |9 213487  |a BIBTEO  |b BIBTEO  |d 2019-11-15  |i 2818256  |l 1  |o 233.11 GUE 1979  |p 2818256  |r 2025-01-17  |s 2024-06-26  |w 2019-11-15  |y BK  |k ICR